000 00470nam a22001577a 4500
005 20240319074442.0
008 240319b |||||||| |||| 00| 0 eng d
041 _aEnglish
082 _a349 IND
100 _lEnglish
245 _aIndustrial Law Journal :
_cedited by M Brassey et al.
260 _aCape Town :
_bJuta and Company Ltd,
_c1984
300 _b45 pages ;
_c25 cm.
650 _aLegal practice
_bLaw
942 _cCR
_6ALISON_BN_VRIES
999 _c1468
_d1468